Logo BPK

Biblioteka

Politechniki Koszalińskiej

Wybrane problemy gospodarki przestrzennej : (Rekord nr 27791)

Szczegóły MARC
000 -ETYKIETA REKORDU
podpole kontrolne o stałej długości 00441nam a2200121 i 4500
001 - NUMER KONTROLNY REKORDU
pole kontrolne bg
040 ## - ŹRÓDŁO KATALOGOWANIA
Instytucja, która utworzyła rekord BPK
041 ## - KOD JĘZYKA
Kod języka tekstu pol
008 - POLE O STAŁEJ DŁUGOŚCI - DANE KONTROLNE
podpole kontrolne o stałej długości s pl f |000 0 pol
245 #0 - TYTUŁ/ODPOWIEDZIALNOŚĆ
Tytuł Wybrane problemy gospodarki przestrzennej :
Ciąg dalszy tytułu materiały na konferencję, Kołobrzeg 4-7 października 1977. Z.1-15 /
Pozostałe elementy strefy tytułu i oznaczenia odpowiedzialności Komitet Przestrzenego Zagospodarowania Kraju PAN, Koszaliński Ośrodek Naukowo-Badawczy.
260 ## - STREFA ADRESU WYDAWNICZEGO
Miejsce wydania Kołobrzeg,
Data publikacji, dystrybucji/powstania dokumentu 1977.
856 ## - LOKALIZACJA I DOSTĘP DO ELEKTRONICZNYCH DOKUMENTÓW ZDALNYCH
Link (URL) http://koha.tu.koszalin.pl/cgi-bin/koha/opac-detail.pl?biblionumber=27791
Tekst linku Katalog online BPK
942 ## - DODATKOWE ELEMENTY (KOHA)
Typ dokumentu Książka
Egzemplarze
Wycofany Status egzemplarza Uszkodzony Dostępność Lokalizacja stała Lokalizacja bieżąca Miejsce przechowywania Sygnatura Kod kreskowy Typ dokumentu
      W opracowaniu Biblioteka Politechniki Koszalińskiej Biblioteka Politechniki Koszalińskiej Wypożyczalnia BG 22843 02139821 Książka
© 2023 Biblioteka Politechniki Koszalińskiej :: KOHA